| 000 | 00892nas a2200289 4500 | ||
|---|---|---|---|
| 001 | BR0805870 | ||
| 003 | BR-BrBNA | ||
| 005 | 20231205112447.0 | ||
| 007 | ta | ||
| 008 | 230509b bl.|||p| |||| 00| 00por d | ||
| 040 |
_aBR-BrBNA _bpor _cBiblioteca Nacional de Agricultura |
||
| 041 | _a(Pt) | ||
| 072 | _aF02 | ||
| 100 | 1 | _aDiniz, J.D.N. | |
| 100 | 1 | _aAlmeida, J.L. | |
| 100 | 1 | _aOliveira, A.B. de | |
| 100 | 1 | _aBezerra, A.M.E. | |
| 245 | 1 | _aProtocolo para desinfestação, multiplicação e enraizamento in vitro de Spathiphyllum wallisi | |
| 650 | _aLIRIO | ||
| 650 | _aPLANTA ORNAMENTAL | ||
| 650 | _aENRAIZAMENTO | ||
| 650 | _aREGULADOR DE CRESCIMENTO | ||
| 650 | _aMICROPROPAGAÇÃO | ||
| 773 | 0 |
_tRevista Ciencia Agronomica (Brazil) _xISSN 0045-6888 _g(Jan-Mar 2008), v. 39(1) p. 107-113 _wBR0805870 |
|
| 909 |
_a202311 _bLúcia _c55 _dLúcia Elande |
||
| 942 |
_2AGRIS _n0 _cANA |
||
| 999 |
_c198182 _d198182 |
||